| 000 | 00413nmm a2200157Ia 4500 | ||
|---|---|---|---|
| 008 | 251105s9999||||xx |||||||||||||||||und|| | ||
| 041 | _aspa | ||
| 100 | _aConnelly, Stacy | ||
| 245 | 0 | _aLas reglas de la pasión | |
| 264 |
_a[Madrid, España] : _bHarlequin, _c2012 |
||
| 300 | _a192 páginas | ||
| 490 | _aJulia | ||
| 650 | _aRomance | ||
| 856 | _uhttps://public.digitaliapublishing.com/a/50315 | ||
| 942 | _cCF | ||
| 999 |
_c99661 _d99661 |
||